000 01379cam a2200313 a 4500
999 _c458
_d458
001 14685908
003 OSt
005 20190815101614.0
008 070104s2008 mnua j b 001 0beng
010 _a 2006103432
020 _a9781429617710
040 _aDLC
_cDLC
_dDLC
043 _an-us---
082 0 0 _a921 BUR
_222
100 1 _aBurgan, Michael.
_eauthor
245 1 0 _aMuhammad Ali :
_bAmerican champion /
_cby Michael Burgan ; illustrated by Brian Bascle.
260 _aMankato, Minn. :
_bCapstone Press,
_cc2008.
300 _a32 p. :
_bcol. ill. ;
_c24 cm.
440 _aGraphic library.
_ngraphic biographies
504 _aIncludes bibliographical references (p. 31) and index.
520 _a"In graphic novel format, tells the life story of dynamic heavyweight boxing champion Muhammad Ali, who gained fame for his boxing skills, political views, and humanitarian efforts"--Provided by publisher.
600 1 0 _aAli, Muhammad,
_d1942-2016
_vJuvenile literature.
650 0 _aBoxers (Sports)
_zUnited States
_vBiography
_vJuvenile literature.
700 1 _aBascle, Brian,
_eIllustrator
856 4 1 _3Table of contents only
_uhttp://www.loc.gov/catdir/toc/ecip077/2006103432.html
906 _a7
_bcbc
_corignew
_d1
_eecip
_f20
_gy-gencatlg
942 _2ddc
_cNFIC